| 000 | 00712nam a2200241 i 4500 | ||
|---|---|---|---|
| 001 | 7071 | ||
| 003 | ES-MaACL | ||
| 005 | 20230906145143.0 | ||
| 007 | t| | ||
| 008 | 900816s1989 sp ||||1| spa d | ||
| 020 | _a84-239-2448-3 | ||
| 080 | _a85-4"19" | ||
| 080 | _a85(Rella,F.7 M.03=6) | ||
| 100 | 1 |
_aRella, Franco. _996112 |
|
| 245 | 1 | 0 |
_aMetamorfosis _b: imágenes del pensamiento / _cFranco Rella ; traducción Joaquín Jordá. |
| 260 |
_aMadrid : _bEspasa-Calpe, _cD.L. 1989. |
||
| 300 |
_a180 p. ; _c24 cm. |
||
| 490 | 1 | _aEspasa mañana | |
| 700 | 1 |
_aJordá, Joaquín. _966895 |
|
| 830 | 0 |
_aEspasa mañana _9177812 |
|
| 852 |
_aES-MaACL _jL-14266 _bR.118225 _z. - rust. |
||
| 999 |
_c7071 _d7071 |
||